|
|
|
|
| LEADER |
00798nam a2200169Ia 4500 |
| 001 |
UIH_00860 |
| 008 |
230809s9999 xx 000 0 und d |
| 082 |
|
|
|a 629.23
|
| 100 |
|
|
|a Lưu, Đặng Anh Nguyên
|
| 245 |
|
0 |
|a Thiết kế chế tạo mô hình xe lăn điện cho người khuyết tật :bBáo cáo tổng kết đề tài Nghiên cứu Khoa học cấp Trường
|
| 245 |
|
0 |
|c Lưu, Đặng Anh Nguyên
|
| 260 |
|
|
|b Đại học Công nghiệp TP. Hồ Chí Minh
|
| 260 |
|
|
|c 2022
|
| 650 |
|
|
|a Công nghệ động lực;
|
| 856 |
|
|
|u https://opac.iuh.edu.vn/TraCuuTaiLieuSo2XemChiTiet.aspx?Id=117359
|
| 927 |
|
|
|a Đề tài khoa học
|
| 980 |
|
|
|a Trung tâm Thư viện - Trường Đại học Công nghiệp TP. Hồ Chí Minh
|